Treaties and federal constitutions: their mutual impact (Record no. 366313)

000 -LEADER
fixed length control field 00456cam a22001577a 4500
008 - FIXED-LENGTH DATA ELEMENTS--GENERAL INFORMATION
fixed length control field 180718b1961 xxu||||| |||| 00| 0 eng d
082 ## - DEWEY DECIMAL CLASSIFICATION NUMBER
Classification number B263 G346
100 ## - MAIN ENTRY--PERSONAL NAME
Personal name Ghosh, Ramesh Chandra
245 ## - TITLE STATEMENT
Title Treaties and federal constitutions: their mutual impact
Statement of responsibility, etc. by Ramesh Chandra Ghosh
260 ## - PUBLICATION, DISTRIBUTION, ETC.
Place of publication, distribution, etc. Calcutta
Name of publisher, distributor, etc. World Press
Date of publication, distribution, etc. 1961
300 ## - PHYSICAL DESCRIPTION
Extent 343p.
500 ## - GENERAL NOTE
General note Rs.25.00
650 ## - SUBJECT ADDED ENTRY--TOPICAL TERM
Topical term or geographic name entry element Federal - State Relations.
650 ## - SUBJECT ADDED ENTRY--TOPICAL TERM
Topical term or geographic name entry element Treaties
650 ## - SUBJECT ADDED ENTRY--TOPICAL TERM
Topical term or geographic name entry element Federalism
Holdings
Withdrawn status Lost status Damaged status Not for loan Permanent Location Current Location Date acquired Full call number Barcode Date last seen Price effective from Koha item type
        Indian Institute of Public Administration Indian Institute of Public Administration 1994-05-02 B263 G346 29212 2018-07-21 2018-07-21 Book

Powered by Koha